Adhesion and adhesives technology : (Record no. 594804)
[ view plain ]
| 000 -LEADER | |
|---|---|
| fixed length control field | 02454nam a22003135i 4500 |
| 001 - CONTROL NUMBER | |
| control field | 21835027 |
| 005 - DATE AND TIME OF LATEST TRANSACTION | |
| control field | 20230518111658.0 |
| 008 - FIXED-LENGTH DATA ELEMENTS--GENERAL INFORMATION | |
| fixed length control field | 201209s2021 ohu 000 0 eng |
| 010 ## - LIBRARY OF CONGRESS CONTROL NUMBER | |
| LC control number | 2020951743 |
| 020 ## - INTERNATIONAL STANDARD BOOK NUMBER | |
| International Standard Book Number | 9781569908556 |
| Qualifying information | (hardcover) |
| 020 ## - INTERNATIONAL STANDARD BOOK NUMBER | |
| Canceled/invalid ISBN | 9781569908501 |
| Qualifying information | (adobe pdf) |
| 040 ## - CATALOGING SOURCE | |
| Original cataloging agency | DLC |
| Language of cataloging | eng |
| Description conventions | rda |
| Transcribing agency | DLC |
| 042 ## - AUTHENTICATION CODE | |
| Authentication code | pcc |
| 082 ## - DEWEY DECIMAL CLASSIFICATION NUMBER | |
| Classification number | 668.3 |
| Author Mark | POC |
| 100 1# - MAIN ENTRY--PERSONAL NAME | |
| Personal name | Pocius, Alphonsus V., |
| Relator term | author. |
| 9 (RLIN) | 112435 |
| 245 10 - TITLE STATEMENT | |
| Title | Adhesion and adhesives technology : |
| Remainder of title | an introduction / |
| Statement of responsibility, etc. | Alphonsus V. Pocius, Mark Smith. |
| 250 ## - EDITION STATEMENT | |
| Edition statement | 4th. |
| 263 ## - PROJECTED PUBLICATION DATE | |
| Projected publication date | 2103 |
| 264 #1 - PRODUCTION, PUBLICATION, DISTRIBUTION, MANUFACTURE, AND COPYRIGHT NOTICE | |
| Place of production, publication, distribution, manufacture | Cincinnati : |
| Name of producer, publisher, distributor, manufacturer | Hanser Publications, |
| Date of production, publication, distribution, manufacture, or copyright notice | 2021. |
| 300 ## - PHYSICAL DESCRIPTION | |
| Extent | xvii, 377 p : |
| 336 ## - CONTENT TYPE | |
| Content type term | text |
| Content type code | txt |
| Source | rdacontent |
| 337 ## - MEDIA TYPE | |
| Media type term | unmediated |
| Media type code | n |
| Source | rdamedia |
| 338 ## - CARRIER TYPE | |
| Carrier type term | volume |
| Carrier type code | nc |
| Source | rdacarrier |
| 520 ## - SUMMARY, ETC. | |
| Summary, etc. | "This book describes, in clear understandable language, the three main disciplines of adhesion technology: 1) mechanics of the adhesive bond, 2) chemistry of adhesives, and 3) surface science. Some knowledge of physical and organic chemistry is assumed, but no familiarity with the science of adhesion is required. The emphasis is on understanding adhesion, how surfaces can be prepared and modified, and how adhesives can be formulated to perform a given task. Throughout the book, the author provides a broad view of the field, with a consistent style that leads the reader from one step to the next in gaining an understanding of the science. The 4th edition has additional content covering sustainability (use of natural products in adhesives) and bonding of composite materials. There are also updates and small improvements throughout, together with some new review questions aprovided at the end of the chapters. Contents: - Introduction - Mechanical Properties of Materials as They Relate to Adhesives - Mechanical Tests of Adhesive Bond Performance - Basics of Intermolecular Forces and Surface Science - Basic Physical/Chemical Properties of Polymers - Relationship of Surface Science and Adhesion Science - Surface Preparation of Adherends for Adhesive Bonding - Chemistry and Physical Properties of Structural Adhesives - Chemistry and Physical Properties of Elastomer-Based Adhesives - Thermoplastic, Pseudothermoplastic, and Other Adhesives - Basis for Adhesive Bond Design - Index"-- |
| Assigning source | Provided by publisher. |
| 700 1# - ADDED ENTRY--PERSONAL NAME | |
| Personal name | Smith, Mark, |
| Relator term | editor. |
| 906 ## - LOCAL DATA ELEMENT F, LDF (RLIN) | |
| a | 0 |
| b | ibc |
| c | orignew |
| d | 2 |
| e | epcn |
| f | 20 |
| g | y-gencatlg |
| 942 ## - ADDED ENTRY ELEMENTS (KOHA) | |
| Source of classification or shelving scheme | |
| Koha item type | Book |
| Withdrawn status | Lost status | Source of classification or shelving scheme | Damaged status | Not for loan | Permanent Location | Current Location | Shelving location | Date acquired | Total Checkouts | Full call number | Barcode | Date last seen | Price effective from | Koha item type |
|---|---|---|---|---|---|---|---|---|---|---|---|---|---|---|
| School of Mechanical & Manufacturing Engineering (SMME) | School of Mechanical & Manufacturing Engineering (SMME) | General Stacks | 05/18/2023 | 668.3 POC | SMME-4390 | 05/18/2023 | 05/18/2023 | Book |
